01283nam a2200337Ia 4500001001200000003000800012006001900020007001500039008004100054010001700095020004300112020004000155020001800195040002100213035002100234050002600255082001600281100002700297245008200324260004800406300002600454504006400480533015200544650002400696650002400720655002900744700001200773710001700785856012600802999001700928ebr10688114CaPaEBRm u cr cn|||||||||080125s2008 njua sb 001 0 eng d z 2008003893 z9789812560520 (hardcover : alk. paper) z9812560521 (hardcover : alk. paper) z9789812812049 aCaPaEBRcCaPaEBR a(OCoLC)69662960114aQA274.29b.H53 2008eb04a519.2/22221 aHida, Takeyuki,d1927-10aLectures on white noise functionalsh[electronic resource] /cT. Hida, Si Si. aHackensack, NJ :bWorld Scientific,cc2008. axiii, 266 p. :bill.  aIncludes bibliographical references (p. 253-261) and index. aElectronic reproduction.bPalo Alto, Calif. :cebrary,d2013.nAvailable via World Wide Web.nAccess may be limited to ebrary affiliated libraries. 0aWhite noise theory. 0aGaussian processes. 7aElectronic books.2local1 aSi, Si.2 aebrary, Inc.40uhttp://site.ebrary.com/lib/rucke/Doc?id=10688114zAn electronic book accessible through the World Wide Web; click to view c12628d12628